000 00585nam a2200229Ia 4500
003 OSt
005 20221005130720.0
006 a|||||r|||| 00| 0
007 ta
008 221004b |||||||| |||| 00| 0 mal d
024 _a56449
037 _cTextual
040 _aCRL
_cCRL
_bmal
041 _2mal
_amal
082 _aO32,3N05,13, K1
100 _aDev Desava
_9638541
245 0 _aSakharri karatu karanaver
260 _c1961
650 _aMALAYALAM LITERATURE
_938866
942 _hO32,3N05,13, K1
_cTEXL
_2cc
999 _c1058153
_d1058153